| Поле | Инд. | ПП | Название | Значение |
|---|---|---|---|---|
| Тип записи | a | |||
| Библиографический уровень | m | |||
| 001 | Контрольный номер | 259e237a93d645fd841aca3a04420a20 | ||
| 005 | Дата корректировки | 20190903125351.2 | ||
| 008 | Кодируемые данные | 141110|||||||||ru |||||||||||||||||rus|| | ||
| 020 | a | ISBN | 978-5-392-16593-3 | |
| 041 | 0_ | a | Код языка текста | rus |
| 084 | a | Индекс другой классификации/Индекс ББК | 67.404.213.11 | |
| 090 | a | Полочн. индекс | 67.404.213.11 | |
| x | Авторский знак | К 57 | ||
| 245 | 10 | a | Заглавие | Кодекс торгового мореплавания Российской Федерации по состоянию на 1 октября 2014 г. |
| 260 | a | Место издания | Москва | |
| b | Издательство | Проспект | ||
| c | Дата издания | 2014 | ||
| 300 | a | Объем | 126, [1] с. | |
| 440 | _0 | a | Серия | Профессиональные юридические системы "Кодекс" |
| 650 | 04 | a | Основная рубрика | Кодекс торгового мореплавания Российской Федерации |
| 653 | 0_ | a | Ключевые слова | Договоры |
| a | Ключевые слова | Договор морской перевозки | ||
| a | Ключевые слова | Договор фрахтования | ||
| a | Ключевые слова | Идентификация судна | ||
| a | Ключевые слова | Капитан судна | ||
| a | Ключевые слова | Классификация судов | ||
| a | Ключевые слова | Кодекс торгового мореплавания | ||
| a | Ключевые слова | Освидетельствование судов | ||
| a | Ключевые слова | Перевозки грузовые | ||
| a | Ключевые слова | Флаг судна | ||
| a | Ключевые слова | Фрахтование судов | ||
| a | Ключевые слова | Экипаж судна | ||
| 901 | t | Тип документа | m |